000 00711nam a2200229Ia 4500
003 OSt
005 20220923221645.0
006 a|||||r|||| 00| 0
007 ta
008 220922b |||||||| |||| 00| 0 hin d
024 _a199,098
037 _cTextual
040 _aARTS
_cARTS
_bhin
041 _2hin
_ahin
082 _aP1528, 152K0
100 _aस्वामी, नरोत्तमदास
245 0 _aसंक्षिप्त राजस्थानी व्याकरण
246 _aSankṣpunta rājasthānī vyākaraṇa
260 _c1960
942 _hP1528, 152K0
_cTEXL
_2CC
999 _c350877
_d350877